<?xml version="1.0" encoding="UTF-8"?>
<collection xmlns="http://www.loc.gov/MARC21/slim">
 <record>
  <leader>00479pamaa2200169   4500</leader>
  <controlfield tag="001">0000022324</controlfield>
  <controlfield tag="005">20090331090000.0</controlfield>
  <datafield tag="020" ind1="0" ind2="0">
   <subfield code="a">0534955738 (hard) </subfield>
  </datafield>
  <datafield tag="082" ind1=" " ind2=" ">
   <subfield code="a">628 VES 1997</subfield>
  </datafield>
  <datafield tag="090" ind1="0" ind2="0">
   <subfield code="a">TD146 </subfield>
   <subfield code="b">VES 1997</subfield>
  </datafield>
  <datafield tag="100" ind1="1" ind2="0">
   <subfield code="a">Vesilind </subfield>
  </datafield>
  <datafield tag="245" ind1="1" ind2="0">
   <subfield code="a">Introduction to environmental engineering  </subfield>
   <subfield code="c">P. Aarne Vesilind.</subfield>
  </datafield>
  <datafield tag="260" ind1="0" ind2="0">
   <subfield code="a">Boston: </subfield>
   <subfield code="b">PWS Pub., </subfield>
   <subfield code="c">1997.</subfield>
  </datafield>
  <datafield tag="300" ind1=" " ind2=" ">
   <subfield code="a">468p.; </subfield>
   <subfield code="c">25cm.</subfield>
  </datafield>
  <datafield tag="650" ind1="0" ind2="0">
   <subfield code="a">Environmental ethics </subfield>
  </datafield>
  <datafield tag="650" ind1="0" ind2="0">
   <subfield code="a">Environmental engineering </subfield>
  </datafield>
  <datafield tag="740" ind1="0" ind2="0">
   <subfield code="a">Environmental engineering</subfield>
  </datafield>
 </record>
</collection>
